Score 0/34 Timer 05:00
2 Plays Today
Season & Contestants Which Survivor Outlasted the Other? % Correct
Borneo (Season 1): A) Kelly Wiglesworth, or B) Susan Hawk????
95.6%
All-Stars (Season 8): A) Amber Brkich, or B) 'Boston Rob' Mariano????
91.9%
Samoa (Season 19): A) Russell Hantz, or B) Shannon 'Shambo' Waters????
90.7%
Africa (Season 3): A) Lex van den Berghe, or B) Lindsey Richter????
89.8%
Gabon (Season 17): A) Bob Crowley, or B) Corinne Kaplan????
89%
Micronesia (Season 16): A) Erik Reichenbach, or B) James Clement????
88.9%
Blood vs. Water (Season 27): A) Aras Baskauskas, or B) Rupert Boneham????
88.6%
Pearl Islands (Season 7): A) 'Jonny Fairplay' Dalton, or B) Sandra Diaz-Twine????
87.7%
Cambodia (Season 31): A) Joe Anglim, or B) Shirin Oskooi????
86.2%
Tocantins (Season 18): A) Benjamin 'Coach' Wade, or B) Tyson Apostol????
85.7%
Cook Islands (Season 13): A) Jonathan Penner, or B) Ozzy Lusth????
85.7%
Caramoan (Season 26): A) Dawn Meehan, or B) John Cochran????
84.6%
South Pacific (Season 23): A) Benjamin 'Coach' Wade, or B) Ozzy Lusth????
84.5%
Guatemala (Season 11): A) Rafe Judkins, or B) Stephenie LaGrossa????
84.4%
Redemption Island (Season 22): A) Phillip Sheppard, or B) 'Boston Rob' Mariano????
84.3%
One World (Season 24): A) Colton Cumbie, or B) Greg 'Tarzan' Smith????
84.2%
Fiji (Season 14): A) Dre 'Dreamz' Herd, or B) Yau-Man Chan????
83%
Season & Contestants Which Survivor Outlasted the Other? % Correct
Marquesas (Season 4): A) 'Boston Rob' Mariano, or B) Paschal English????
82.9%
Philippines (Season 25): A) Lisa Whelchel, or B) Malcolm Freberg????
81.4%
Heroes vs. Villains (Season 20): A) 'Boston Rob' Mariano, or B) Jerri Manthey????
80.6%
Nicaragua (Season 21): A) Jimmy Johnson, or B) NaOnka Mixon????
80.2%
Vanuatu (Season 9): A) Ami Cusack, or B) Twila Tanner????
79.5%
Game Changers (Season 34): A) Malcolm Freberg, or B) Sierra Dawn Thomas????
78.8%
The Australian Outback (Season 2): A) Elisabeth Filarski, or B) Jerri Manthey????
78.6%
Cagayan (Season 28): A) LJ McKanas, or B) Sarah Lacina????
77.3%
China (Season 15): A) Jean-Robert Bellande, or B) Peih-Gee Law????
76.4%
The Amazon (Season 6): A) Heidi Strobel, or B) Matthew von Ertfelda????
74.7%
Panama (Season 12): A) Cirie Fields, or B) Terry Deitz????
70.9%
Palau (Season 10): A) Jenn Lyon, or B) Stephenie LaGrossa????
69.4%
Thailand (Season 5): A) Jed Hildebrand, or B) Shii Ann Huang????
67.2%
San Juan del Sur (Season 29): A) Jeremy Collins, or B) Josh Canfield????
66.4%
Worlds Apart (Season 30): A) Joe Anglim, or B) Shirin Oskooi????
65.5%
Kaôh Rōng (Season 32): A) Anna Khait, or B) Peter Baggenstos????
64.4%
Millenials vs. Gen X (Season 33): A) Chris Hammons, or B) Jessica Lewis????
61.5%
Remove Ads.
Support Sporcle.
Get the best of Sporcle when you Go Orange. This ad-free experience offers more features, more stats, and more fun while also helping to support Sporcle. Thank you for becoming a member.

You're not logged in!

Compare scores with friends on all Sporcle quizzes.
OR
Log In

Show Comments

Extras

Top Quizzes Today


Score Distribution

Your Account Isn't Verified!

In order to create a playlist on Sporcle, you need to verify the email address you used during registration. Go to your Sporcle Settings to finish the process.

Report this User

Report this user for behavior that violates our Community Guidelines.

Details: